000 00281nam a22001337a 4500
008 170313b xxu||||| |||| 00| 0 eng d
020 _a9780076637683
041 _aeng
080 _29 ED
_a591
100 _a7
101 _aSHM
245 _aZOOLOGY
_cMILLER.S.A
942 _2udc
_cBK
999 _c7708
_d7708